[Event "Asian-ch Seniors 50"]
[Site "Chess.com INT"]
[Date "2020.07.21"]
[Round "2.5"]
[White "Murshed, Niaz"]
[Black "Barsov, Alexei"]
[Result "1-0"]
[WhiteElo "2476"]
[BlackElo "2471"]
[PlyCount "65"]
[EventDate "2020.07.21"]
[EventType "swiss"]
[EventRounds "9"]
[EventCountry "UAE"]
[SourceTitle "EXT 2024"]
[Source "ChessBase"]
[SourceDate "2023.10.10"]
[SourceVersion "1"]
[SourceVersionDate "2023.10.10"]
[SourceQuality "1"]

1. d4 d5 2. c4 e6 3. Nc3 Bb4 4. cxd5 exd5 5. Nf3 Nf6 6. Bf4 c6 7. e3 Bf5 8. Be2 0-0 9. 0-0 Bd6 10. Bg3 Bxg3 11. hxg3 a5 12. Ne5 Nbd7 13. g4 Be6 14. f4 Nxe5 15. dxe5 Ne8 16. f5 Bc8 17. Qd4 Nc7 18. Qf4 Re8 19. g5 Qe7 20. e6 fxe6 21. f6 Qf7 22. Qe5 g6 23. Nd1 Rf8 24. Nf2 Ne8 25. Ng4 Kh8 26. Bd3 Qc7 27. Qc3 e5 28. Nxe5 Be6 29. Rf4 Bf7 30. Kf2 Nd6 31. Rh1 Kg8 32. Rh6 Rae8 33. Rfh4 1-0

[Event "Johor op 6th"]
[Site "Johor"]
[Date "2019.12.04"]
[Round "5"]
[White "Sammed Jaykumar, Shete"]
[Black "Barsov, Alexei"]
[Result "1/2-1/2"]
[WhiteElo "2380"]
[BlackElo "2365"]
[PlyCount "27"]
[EventDate "2019.12.02"]
[EventType "swiss"]
[EventRounds "9"]
[EventCountry "MAS"]
[SourceTitle "CBM 193 Extra"]
[Source "ChessBase"]
[SourceDate "2020.01.31"]
[SourceVersion "1"]
[SourceVersionDate "2020.01.31"]
[SourceQuality "1"]

1. c4 e6 2. Nf3 d5 3. e3 Nf6 4. b3 Be7 5. Bb2 0-0 6. Be2 c5 7. cxd5 Nxd5 8. Nc3 Nc6 9. 0-0 Nxc3 10. Bxc3 b6 11. Qc2 Bb7 12. Rfd1 Rc8 13. Qb2 Bf6 14. Bxf6 1/2-1/2

[Event "Almaty op"]
[Site "Almaty"]
[Date "2019.10.10"]
[Round "5"]
[White "Stupak, Kirill"]
[Black "Barsov, Alexei"]
[Result "0-1"]
[WhiteElo "2551"]
[BlackElo "2365"]
[PlyCount "64"]
[EventDate "2019.10.07"]
[EventType "swiss"]
[EventRounds "9"]
[EventCountry "KAZ"]
[SourceTitle "EXT 2020"]
[Source "ChessBase"]
[SourceDate "2019.10.17"]
[SourceVersion "1"]
[SourceVersionDate "2019.10.17"]
[SourceQuality "1"]

1. c4 e6 2. g3 d5 3. Bg2 Nf6 4. Nf3 dxc4 5. Qa4+ Nbd7 6. Qxc4 c5 7. Qc2 b6 8. Nc3 Bb7 9. 0-0 Rc8 10. Rd1 Be7 11. e4 e5 12. Nh4 g6 13. d3 0-0 14. Bh3 Ra8 15. f4 exf4 16. gxf4 Nb8 17. Nf3 Nc6 18. Be3 Bc8 19. Qg2 Bxh3 20. Qxh3 Qd7 21. f5 gxf5 22. Bh6 Ng4 23. Bxf8 Rxf8 24. Nd5 Kh8 25. Rd2 c4 26. Nxe7 Qxe7 27. Kh1 cxd3 28. Re1 Qb4 29. Qh4 Nd4 30. Ng5 h6 31. Rxd3 Qxb2 32. Nh3 Qxh2# 0-1

[Event "Sivas op 1st"]
[Site "Sivas"]
[Date "2019.08.21"]
[Round "5"]
[White "Rzayev, Chingiz Qafar Oglu"]
[Black "Barsov, Alexei"]
[Result "0-1"]
[WhiteElo "2098"]
[BlackElo "2383"]
[PlyCount "62"]
[EventDate "2019.08.19"]
[EventType "swiss"]
[EventRounds "9"]
[EventCountry "TUR"]
[SourceTitle "EXT 2020"]
[Source "ChessBase"]
[SourceDate "2019.10.17"]
[SourceVersion "1"]
[SourceVersionDate "2019.10.17"]
[SourceQuality "1"]

1. e4 e6 2. d4 d5 3. exd5 exd5 4. Bd3 c5 5. dxc5 Bxc5 6. Nf3 Nf6 7. 0-0 0-0 8. h3 Qd6 9. b4 Bxb4 10. Bb2 Nc6 11. c4 dxc4 12. Bxc4 Bf5 13. Qxd6 Bxd6 14. Nc3 Rac8 15. Nb5 Bc5 16. Rac1 b6 17. Ne5 a6 18. Nxc6 Rxc6 19. Nd4 Bxd4 20. Bxd4 Rfc8 21. g4 Rxc4 22. Rxc4 Rxc4 23. Bxf6 Bxg4 24. Bd8 Bxh3 25. Re1 Be6 26. Bxb6 Ra4 27. Kg2 Rxa2 28. Kg3 Ra3+ 29. Kf4 h5 30. Kg5 f6+ 31. Kxh5 Rh3+ 0-1

[Event "Batumi Municipality Cup"]
[Site "Batumi"]
[Date "2019.07.10"]
[Round "9"]
[White "Barsov, Alexei"]
[Black "Lortkipanidze, Nodar"]
[Result "0-1"]
[WhiteElo "2397"]
[BlackElo "2311"]
[PlyCount "76"]
[EventDate "2019.07.02"]
[EventType "swiss"]
[EventRounds "9"]
[EventCountry "GEO"]
[SourceTitle "CBM 191 Extra"]
[Source "ChessBase"]
[SourceDate "2019.09.30"]
[SourceVersion "1"]
[SourceVersionDate "2019.09.30"]
[SourceQuality "1"]

1. d4 g6 2. c4 Bg7 3. Nf3 c5 4. d5 d6 5. e4 e6 6. Nc3 Ne7 7. dxe6 Bxe6 8. Bf4 Nbc6 9. Be2 Qb6 10. Qd2 Bg4 11. 0-0 Bxf3 12. Bxf3 Nd4 13. Bg4 0-0 14. Rab1 Qb4 15. Qd3 Rad8 16. Bg5 f6 17. Bd2 Qb6 18. f4 Qa6 19. Rfe1 Nec6 20. a3 f5 21. exf5 gxf5 22. Be2 Nxe2+ 23. Rxe2 d5 24. Nxd5 Bd4+ 25. Ne3 Bxb2 26. Qb3 Nd4 27. Qxb2 Nxe2+ 28. Kh1 Nxf4 29. Rf1 Rd4 30. Bc3 Re4 31. Rf3 Qb6 32. Qc2 Qe6 33. Qf2 Re8 34. Rg3+ Ng6 35. Nd5 Rxc4 36. Nf6+ Qxf6 37. Bxf6 Rc1+ 38. Qg1 Ree1 0-1

[Event "Batumi Municipality Cup"]
[Site "Batumi"]
[Date "2019.07.08"]
[Round "7"]
[White "Barsov, Alexei"]
[Black "Manukyan, Sargis V"]
[Result "1-0"]
[WhiteElo "2397"]
[BlackElo "2282"]
[PlyCount "123"]
[EventDate "2019.07.02"]
[EventType "swiss"]
[EventRounds "9"]
[EventCountry "GEO"]
[SourceTitle "CBM 191 Extra"]
[Source "ChessBase"]
[SourceDate "2019.09.30"]
[SourceVersion "1"]
[SourceVersionDate "2019.09.30"]
[SourceQuality "1"]

1. d4 Nf6 2. Nf3 g6 3. c4 Bg7 4. g3 c5 5. Bg2 0-0 6. 0-0 cxd4 7. Nxd4 Nc6 8. Nc3 Ng4 9. e3 d6 10. b3 Nge5 11. h3 Nxd4 12. exd4 Nc6 13. Be3 e5 14. dxe5 dxe5 15. Bc5 Re8 16. Nb5 Nd4 17. Nxd4 exd4 18. Qd2 Qc7 19. Bxd4 Rd8 20. Bd5 Bxd4 21. Qxd4 Bxh3 22. Rfe1 Qd7 23. Qf6 Re8 24. Rad1 Rad8 25. Kh2 Bg4 26. Be6 Bxe6 27. Rxd7 Rxd7 28. Re2 b6 29. g4 Red8 30. Kg3 Rd1 31. f3 R8d3 32. Qf4 Rf1 33. Rf2 Rg1+ 34. Kh2 Rdd1 35. Qb8+ Kg7 36. Qe5+ Kg8 37. Qb8+ Kg7 38. Qxa7 h5 39. gxh5 g5 40. Qe7 Kh6 41. Qf6+ Kxh5 42. f4 Rh1+ 43. Kg3 Rdg1+ 44. Kf3 gxf4 45. Kxf4 Rh4+ 46. Ke5 Rg5+ 47. Kd6 Rg6 48. Qe5+ Kh6 49. Kc7 Rh5 50. Qh8+ Kg5 51. Qd4 Kh6 52. Rf6 b5 53. Rxg6+ Kxg6 54. c5 Rd5 55. Qe4+ Kf6 56. Qh4+ Ke5 57. Qg3+ Ke4 58. c6 b4 59. Qh4+ Kd3 60. Qxb4 f5 61. Qe7 Re5 62. Kd6 1-0

[Event "Batumi Municipality Cup"]
[Site "Batumi"]
[Date "2019.07.05"]
[Round "4"]
[White "Tereladze, Sopiko"]
[Black "Barsov, Alexei"]
[Result "0-1"]
[WhiteElo "2144"]
[BlackElo "2397"]
[PlyCount "74"]
[EventDate "2019.07.02"]
[EventType "swiss"]
[EventRounds "9"]
[EventCountry "GEO"]
[SourceTitle "CBM 191 Extra"]
[Source "ChessBase"]
[SourceDate "2019.09.30"]
[SourceVersion "1"]
[SourceVersionDate "2019.09.30"]
[SourceQuality "1"]

1. e4 e6 2. d4 d5 3. exd5 exd5 4. Nf3 Nf6 5. Bd3 c5 6. c3 c4 7. Bc2 Bd6 8. 0-0 0-0 9. Bg5 Bg4 10. Nbd2 Nbd7 11. Re1 Qc7 12. h3 Bh5 13. g4 Bg6 14. Bxf6 Nxf6 15. Ne5 Bxc2 16. Qxc2 Ne8 17. Qf5 Rd8 18. Re2 g6 19. Qc2 Ng7 20. b3 Ne6 21. bxc4 Nf4 22. Re3 Bxe5 23. Rxe5 Nxh3+ 24. Kg2 f6 25. Ree1 Nf4+ 26. Kf3 f5 27. g5 dxc4 28. Nxc4 Qxc4 29. Qb3 Qxb3 30. axb3 Nh3 31. Rxa7 Nxg5+ 32. Kg2 Rd7 33. f3 Kf7 34. d5 Re8 35. Rxe8 Kxe8 36. c4 Kd8 37. c5 Rxd5 0-1